Sacred manhood, sacred earth : (Record no. 977)

MARC details
000 -LEADER
fixed length control field 00676pam a2200217 4500
001 - CONTROL NUMBER
control field 1344
003 - CONTROL NUMBER IDENTIFIER
control field OCoLC
005 - DATE AND TIME OF LATEST TRANSACTION
control field 20181127163132.0
008 - FIXED-LENGTH DATA ELEMENTS--GENERAL INFORMATION
fixed length control field 930915s1994 nyu 000 0 eng
010 ## - LIBRARY OF CONGRESS CONTROL NUMBER
LC control number 93037813
020 ## - INTERNATIONAL STANDARD BOOK NUMBER
International Standard Book Number 0060926325
043 ## - GEOGRAPHIC AREA CODE
Geographic area code n-us---
100 1# - MAIN ENTRY--PERSONAL NAME
Personal name Jastrab, Joseph,
Dates associated with a name 1950-
245 10 - TITLE STATEMENT
Title Sacred manhood, sacred earth :
Remainder of title a vision quest into the wilderness of a man's heart /
Statement of responsibility, etc. Joseph Jastrab, with Ron Schaumburg.
260 ## - PUBLICATION, DISTRIBUTION, ETC.
Place of publication, distribution, etc. New York, NY :
Name of publisher, distributor, etc. HarperPerennial,
Date of publication, distribution, etc. 1995.
300 ## - PHYSICAL DESCRIPTION
Extent xxviii, 211 p. ;
Dimensions 22 cm.
650 #0 - SUBJECT ADDED ENTRY--TOPICAL TERM
Topical term or geographic name entry element Masculinity.
Topical term or geographic name entry element Men
Geographic subdivision United States
General subdivision Psychology.
Topical term or geographic name entry element Men's movement
Geographic subdivision United States.
700 1# - ADDED ENTRY--PERSONAL NAME
Personal name Schaumburg, Ron.
Holdings
Withdrawn status Lost status Source of classification or shelving scheme Damaged status Not for loan Collection code Home library Current library Shelving location Date acquired Serial Enumeration / chronology Inventory number Total Checkouts Total Renewals Full call number Barcode Date last seen Date last checked out Price effective from Koha item type
    Dewey Decimal Classification     Main TEST RTC Library RTC Library Main opac 31/08/2021 1718 5 5 305.31 JAS 30005293 08/12/2022 05/09/2022 27/11/2018 Main
Royal Thimphu College || All Right Reserved